000 01359nam a22002657a 4500
003 dpl
005 20100331150410.0
007 DVD
008 050907s2005 cau105 g 00| 0 eng d
010 _aDVD-007276
024 _c1875.00
035 _aDVD-007276
040 _aDPL
_cDPL
092 _aDVD BINA
245 _aBinaca Geet Mala Vol. 1 (1953-1964) :
_h[Audiorecording] ACD /
_cThe Gramophone Company Of Indai Limited
_bA Silver Jubliee Presentation By Ameen Sayani
260 _bM/s Nad Sagar Archives And Documentation Society
300 _a1 Audio Cd;
_bsd.,
_c4-3/4 in.
_fAudio CD
500 _a1. Too Ganga Ki Mauj 2. Man Dole Mera Tan Dole 3. Yeh Hai Bombay Meari Jaan 4. Zara Samne To Aao 5. Hai Apna Dil To Awara 6. Hai Apna Dil To Awara 7. Hal Kaisa Janab Ka 8. Zindgi Bhar Nahi Bhulegi wo Barsat 9. Teri Pyari Pyari 10. Ehsan Tera Hoga 11. Jo Wada Kiya 12. Bol Radha Bol
500 _aThe Audio CD Has been Digitized From the L.P.Record available in the Library Vide Acc. No. 7831.
538 _aThis is a Audio CD
650 _aAudio CD
_921046
942 _cCF
_2ddc
_hDVD
_mBINA
999 _c34966
_d34966